[Event "Bad Woerishofen op"]
[Site "Bad Woerishofen"]
[Date "2001.??.??"]
[Round "5"]
[White "Foehl, Frithjof"]
[Black "Kayser, Wilhelm"]
[Result "1-0"]
[WhiteElo "1840"]
[BlackElo "1469"]
[Annotator "ChessOrg"]
[PlyCount "71"]
[EventDate "1998.03.05"]
[Source "ChessBase"]
[SourceDate "1998.04.29"]

1. e4 {B19: Caro-Kann (Hauptvariante)} 1... c6 2. d4 d5 3. Nc3 dxe4 4. Nxe4 Bf5
5. Ng3 Bg6 6. h4 h6 7. Nf3 e6 8. Bd3 {letzter Buchzug} 8... Bxd3 9. Qxd3 Qa5+
10. c3 (10. Bd2 10... Qa6 $11) 10... Qa6 11. Qe3 Nd7 12. Ne5 Ngf6 13. Ne2 c5
14. Nxd7 Nxd7 15. d5 e5 16. O-O (16. Ng3 Rd8 17. Qe4 17... Bd6 $11) 16... Be7 (
16... Qc4 17. Rd1 Qxh4 18. Ng3 $15) 17. h5 $11 17... Qd6 (17... Qc4 18. Rd1 Qg4
19. Bd2 $11) 18. c4 O-O (18... g6 19. Ng3 $11) 19. Nc3 $14 19... a6 20. Ne4 Qc7
21. Rd1 21... f5 $2 (21... Bd6 $5 $16 $142) 22. d6 $18 22... f4 $4 (22... Bxd6
23. Nxd6 23... Rad8 $18) 23. Qd3 (23. dxc7 $5 $142 23... fxe3 24. Rxd7 exf2+
25. Kf1 25... Rf7 $18) 23... Bxd6 24. Qxd6 (24. Qd5+ $5 24... Kh7 25. Nxd6
25... b6 $18) 24... Qxd6 25. Rxd6 Rf7 (25... Nf6 26. Nxc5 Rfc8 27. b4 Nxh5 28.
Rb6 $18) 26. b3 Kf8 27. Ba3 b6 28. Rad1 Ra7 29. b4 (29. Nc3 Ke8 30. Nd5 30...
b5 $18) 29... Rc7 (29... cxb4 30. Bxb4 Kg8 31. R6d5 $18) 30. bxc5 bxc5 31. R1d5
Ke8 (31... Nf6 32. Rxe5 Rfd7 33. Rxd7 (33. Rxa6 Rd1+ 34. Kh2 Ng4+ 35. Kh3 35...
Nxe5 $15) (33. Bxc5 Rxc5 34. Rxf6+ gxf6 35. Rxc5 35... Ke7 $18) 33... Nxd7 34.
Rf5+ Kg8 35. Rxf4 $18) 32. Nxc5 (32. Rxa6 Rf8 33. Nxc5 Nxc5 34. Bxc5 Rf6 35.
Ra8+ Kf7 36. Rf8+ Ke6 37. Re8+ Kf7 38. Rdxe5 g6 39. R5e7+ Rxe7 40. Rxe7+ Kg8
41. Re8+ Kf7 42. Rf8+ Ke6 43. Rxf6+ 43... Kxf6 $18) 32... Kd8 (32... Nxc5 33.
Bxc5 (33. Rxc5 $143 33... Rxc5 34. Bxc5 34... Rf5 $18) 33... Rcd7 34. Rxe5+
Rfe7 35. Rde6 Rd1+ 36. Kh2 Rxe6 37. Rxe6+ Kf7 38. Rxa6 $18) 33. Rxa6 Kc8 34.
Ra8+ Nb8 35. Na6 Kb7 36. Nxc7 (36. Nxc7 Rxc7 37. Bd6 Kxa8 38. Bxc7 $18) 1-0

[Event "Bad Woerishofen op"]
[Site "Bad Woerishofen"]
[Date "2001.??.??"]
[Round "7"]
[White "Foehl, Frithjof"]
[Black "Hohner, Karl-Heinz"]
[Result "1-0"]
[WhiteElo "1840"]
[BlackElo "2059"]
[Annotator "ChessOrg"]
[PlyCount "57"]
[EventDate "1998.03.05"]
[Source "ChessBase"]
[SourceDate "1998.04.29"]

1. e4 {B33: Sizilianisch (Lasker/Pelikan/Sweschnikow-Variante)} 1... c5 2. Nf3
Nc6 3. d4 cxd4 4. Nxd4 Nf6 5. Nc3 e5 6. Ndb5 d6 7. Bg5 a6 8. Na3 b5 9. Nd5 Be6
10. Nxf6+ {letzter Buchzug} 10... gxf6 11. Be3 f5 (11... d5 12. exd5 Qxd5 13.
Qxd5 Bxd5 14. Rd1 $11) 12. exf5 Bxf5 13. Qf3 Bd7 (13... Qd7 14. c4 d5 15. Qxd5
Bb4+ 16. Bd2 Qxd5 17. cxd5 Bxd2+ 18. Kxd2 $11) 14. Bd3 Rb8 15. Be4 Rc8 16. c3
Qe7 17. Rd1 h5 18. h3 Nd8 19. Nc2 Bg4 20. hxg4 hxg4 21. Qxg4 (21. Rxh8 $143
21... gxf3 22. Bxf3 22... e4 $15) 21... Rxh1+ 22. Ke2 Rh4 (22... Rc4 23. Rxh1
d5 24. Nb4 dxe4 25. Nxa6 $16) 23. Qxc8 Rxe4 24. Qxa6 Qd7 25. Nb4 Qg4+ 26. Ke1
26... Bh6 $2 (26... Rxb4 $142 27. cxb4 Qxb4+ 28. Kf1 28... Qxb2 $18) 27. Nd5 (
27. Qxd6 $142 27... Rxe3+ 28. fxe3 Qh4+ 29. Ke2 Qh5+ 30. Kd2 30... Qg5 $18)
27... Qh4 (27... Qg6 28. Qxb5+ 28... Kf8 $18) 28. Qxd6 Rxe3+ 29. Nxe3 (29. Nxe3
Bxe3 30. Qd7+ Kf8 31. Qxd8+ Qxd8 32. Rxd8+ Ke7 33. Rd5 $18) 1-0

[Event "Bad Woerishofen op"]
[Site "Bad Woerishofen"]
[Date "2001.??.??"]
[Round "9"]
[White "Foehl, Frithjof"]
[Black "Pruesse, Horst"]
[Result "0-1"]
[WhiteElo "1840"]
[BlackElo "2042"]
[Annotator "ChessOrg"]
[PlyCount "36"]
[EventDate "1998.03.05"]
[Source "ChessBase"]
[SourceDate "1998.04.29"]

1. e4 {B41: Sizilianisch (Paulsen-Variante)} 1... c5 2. Nf3 e6 3. d4 cxd4 4.
Nxd4 a6 5. Be2 Qc7 6. O-O Nf6 7. Bd3 {letzter Buchzug} 7... Nc6 8. Nxc6 bxc6 9.
Qe2 d5 10. exd5 cxd5 11. Bg5 Ne4 (11... Bd6 12. h3 $11) 12. Bxe4 dxe4 13. Qxe4
Bb7 14. Qa4+ Bc6 15. Qc4 (15. Qd4 Bd6 16. Qxg7 Bxh2+ 17. Kh1 17... Be5 $17)
15... Qb7 16. f3 Qa7+ (16... Rc8 $142 17. Qb3 17... Qc7 $11) 17. Rf2 (17. Kh1
$142 17... Qc7 18. Bf4 $16) 17... Bc5 $17 18. Be3 $4 (18. Bh4 $17 $142) 18...
Bxe3 $19 (18... Bxe3 19. Qxc6+ 19... Ke7 $19) 0-1

[Event "Bad Woerishofen op"]
[Site "Bad Woerishofen"]
[Date "2001.??.??"]
[Round "2"]
[White "Forster, Gabriele"]
[Black "Maniocha, Marek"]
[Result "0-1"]
[WhiteElo "1800"]
[BlackElo "2073"]
[Annotator "ChessOrg"]
[PlyCount "62"]
[EventDate "1998.03.05"]
[Source "ChessBase"]
[SourceDate "1998.04.29"]

1. e4 {C50: Italienische Partie} 1... e5 2. Nf3 Nc6 3. Bc4 Be7 4. d3 Nf6 5. Nc3
d6 6. h3 O-O 7. O-O 7... Na5 {letzter Buchzug} 8. a3 Nxc4 9. dxc4 c6 10. b3 Qc7
11. Re1 Bd7 12. Bb2 b6 13. a4 a5 14. Qd2 h6 15. Rad1 Be6 16. Re3 Rad8 17. Rd3
Rd7 18. Kf1 Rfd8 19. Kg1 Nh7 20. Ne2 f5 21. Ng3 f4 22. Ne2 Nf6 23. Nc3 g5 24.
Nh2 Bf8 25. Qe2 h5 26. Nf3 Bh6 27. Nh2 Kh7 28. f3 Rg8 29. Kh1 g4 30. Rg1 $4 (
30. hxg4 $142 30... hxg4 31. Qd2 $11) 30... gxh3 $19 31. g4 $4 (31. Rd2 $19
$142) 31... fxg3 (31... fxg3 32. Re1 32... gxh2 $19) 0-1

[Event "Bad Woerishofen op"]
[Site "Bad Woerishofen"]
[Date "2001.??.??"]
[Round "4"]
[White "Forster, Gabriele"]
[Black "Schweitzer, Paul"]
[Result "0-1"]
[WhiteElo "1800"]
[BlackElo "1571"]
[Annotator "ChessOrg"]
[PlyCount "80"]
[EventDate "1998.03.05"]
[Source "ChessBase"]
[SourceDate "1998.04.29"]

1. e4 {B23: Sizilianisch (Geschlossenes System)} 1... c5 2. Nc3 e6 3. d4 cxd4
4. Qxd4 Nc6 5. Qd1 {letzter Buchzug} 5... Nf6 6. Bg5 Qa5 7. Bd2 Qc7 8. Nf3 a6
9. Be2 h5 10. g3 Bc5 11. Ng5 (11. O-O 11... b6 $11) 11... b5 12. a3 Nd4 13. Be3
Nxe2 14. Qxe2 (14. Nxe2 $143 14... Bxe3 15. fxe3 15... Qe5 $19) 14... Bb7 15.
f3 h4 16. g4 Qb6 (16... Be7 17. Nh3 $15) 17. Bxc5 $11 17... Qxc5 18. Qd2 Rc8
19. Rd1 O-O 20. Nh3 d5 21. Qd4 $2 (21. g5 $5 $142 21... Nd7 22. Nf4 $15) 21...
dxe4 22. fxe4 e5 (22... Qxd4 $5 23. Rxd4 23... e5 $19) 23. Qxc5 $17 23... Rxc5
24. Nf2 a5 (24... Rc4 $15) 25. Nd3 (25. g5 Nh7 26. Rg1 f6 27. gxf6 27... Nxf6
$11 (27... Rxf6 $143 28. Rd7 Rf7 29. Rxf7 Kxf7 30. Nd3 $16)) 25... Rxc3 (25...
Rcc8 $5 26. Rf1 Nxe4 27. Nxe4 27... Bxe4 $17) 26. bxc3 $15 26... Nxe4 27. O-O
Nxc3 28. Rde1 e4 29. Nc5 Bc6 30. g5 Rd8 31. Re3 b4 32. axb4 axb4 33. Rh3 $2 (
33. Rfe1 $5 $17 $142) 33... Rd5 34. g6 $2 (34. Nb3 Rxg5+ 35. Kf2 Rf5+ 36. Ke1
36... Rd5 $19) 34... Rg5+ (34... Rxc5 35. gxf7+ Kf8 36. Rxh4 Rg5+ 37. Kf2 Kxf7
38. Rf4+ Ke6 39. h4 $19) 35. Kf2 (35. Rg3 Ne2+ (35... hxg3 36. gxf7+ Kh7 37.
f8=Q Ne2+ 38. Kg2 e3+ 39. Rf3 $19) (35... Rxc5 36. gxf7+ Kf8 37. Rxg7 Ne2+ 38.
Kg2 e3+ 39. Kh3 Bd7+ 40. Kxh4 Rc4+ 41. Kh5 Nf4+ 42. Rxf4 Rxf4 43. Rg2 $19) 36.
Kg2 h3+ (36... Rxg3+ $6 37. hxg3 fxg6 38. gxh4 $17) (36... Nxg3 37. gxf7+ Kh7
38. hxg3 e3+ 39. Kh3 $16) (36... hxg3 37. gxf7+ Kh7 38. f8=Q e3+ 39. Rf3 $19) (
36... Rxc5 37. gxf7+ Kf8 38. Rxg7 e3+ 39. Kh3 Bd7+ 40. Kxh4 Rc4+ 41. Kh5 Nf4+
42. Rxf4 Rxf4 43. Rg2 $19) 37. Kxh3 Rh5+ (37... Rxc5 $6 38. gxf7+ Kf8 39. Rxg7
Bd7+ 40. Kh4 $19) (37... Nxg3 38. gxf7+ Kh7 39. hxg3 Rh5+ 40. Kg4 Rxc5 41. f8=Q
Bd7+ 42. Kh4 $18) 38. Kg4 Rxc5 (38... Nxg3 39. gxf7+ Kf8 40. Ne6+ Ke7 41. f8=Q+
Kxe6 42. hxg3 $18) 39. gxf7+ 39... Kf8 $19) 35... Rxc5 36. gxf7+ Kxf7 37. Ke3+
(37. Rxh4 Rf5+ 38. Ke1 Rxf1+ 39. Kxf1 Ba4 40. Rf4+ 40... Ke6 $19) 37... Ke6 38.
Rxh4 g5 (38... Rc4 39. Rh7 Nd5+ 40. Kd2 e3+ 41. Kd1 $19) 39. Rh6+ Ke5 40. Rg6
Nd5+ (40... Nd5+ 41. Kd2 41... Kd4 $19) 0-1

[Event "Bad Woerishofen op"]
[Site "Bad Woerishofen"]
[Date "2001.??.??"]
[Round "6"]
[White "Forster, Gabriele"]
[Black "Schicker, Rudolf"]
[Result "1/2-1/2"]
[WhiteElo "1800"]
[BlackElo "1650"]
[Annotator "ChessOrg"]
[PlyCount "51"]
[EventDate "1998.03.05"]
[Source "ChessBase"]
[SourceDate "1998.04.29"]

1. e4 {B17: Caro-Kann-Verteidigung} 1... c6 2. Nc3 d5 3. d4 dxe4 4. Nxe4 Nd7 5.
Nf3 Ngf6 6. Nc3 e6 7. Be2 {letzter Buchzug} 7... Bd6 8. O-O O-O 9. Bg5 Qc7 10.
Bh4 a6 11. Bd3 b5 12. Ne4 (12. Qe2 12... Bb7 $14) 12... Nxe4 $11 13. Bxe4 h6
14. c3 Bb7 (14... f5 15. Bc2 g5 16. Bg3 $15) 15. Bg3 Bxg3 16. fxg3 c5 17. Bxb7
Qxb7 18. Kh1 Rad8 19. Qe2 cxd4 20. Nxd4 Nf6 21. Rad1 Qe4 22. Qxe4 Nxe4 23. Kg1
Rd5 24. Nc6 Rxd1 25. Rxd1 Ra8 26. a3 1/2-1/2

[Event "Bad Woerishofen op"]
[Site "Bad Woerishofen"]
[Date "2001.??.??"]
[Round "8"]
[White "Forster, Gabriele"]
[Black "Tschirky, Werner"]
[Result "0-1"]
[WhiteElo "1800"]
[BlackElo "1627"]
[Annotator "ChessOrg"]
[PlyCount "52"]
[EventDate "1998.03.05"]
[Source "ChessBase"]
[SourceDate "1998.04.29"]

1. e4 {B30: Sizilianisch (Rossolimo-Variante)} 1... c5 2. Nc3 Nc6 3. Nf3 d6 4.
Be2 Nf6 5. d3 {letzter Buchzug} 5... g6 6. O-O Bg7 7. Bd2 O-O 8. Qc1 Bg4 9. Qd1
Bxf3 10. Bxf3 Nd4 11. Rb1 Rb8 12. a3 a6 13. Na2 b5 14. c3 Nxf3+ 15. Qxf3 Qd7
16. h3 Rfc8 17. b4 (17. Rfe1 $5 $11) 17... c4 18. d4 e5 (18... d5 19. exd5 Qxd5
20. Qe2 $15) 19. dxe5 (19. Bg5 $5 $142 19... Ne8 20. d5 $11) 19... dxe5 $17 20.
Rfd1 Rd8 (20... Qd3 $5 $17 $142) 21. Bg5 $11 21... Qe7 22. Rd5 h6 23. Bxf6 Bxf6
24. Rbd1 Rxd5 25. Nc1 $4 (25. exd5 $142 25... Rd8 26. Qe3 $11) 25... Rxd1+ $19
26. Qxd1 Rd8 (26... Rd8 27. Qf3 27... Bg5 $19) 0-1

[Event "Bad Woerishofen op"]
[Site "Bad Woerishofen"]
[Date "2001.??.??"]
[Round "2"]
[White "Forster, Manfred"]
[Black "Joachim, Klaus"]
[Result "1/2-1/2"]
[WhiteElo "1900"]
[BlackElo "1600"]
[Annotator "ChessOrg"]
[PlyCount "63"]
[EventDate "1998.03.05"]
[Source "ChessBase"]
[SourceDate "1998.04.29"]

1. d4 {A51: Budapester Gambit (Fajarowicz-Variante)} 1... Nf6 2. c4 e5 3. Bg5
3... h6 {letzter Buchzug} 4. Bh4 Bb4+ 5. Nc3 exd4 6. Qxd4 Nc6 7. Qe3+ Qe7 8.
Qxe7+ Bxe7 9. e3 d6 10. a3 (10. Nb5 10... Kd8 $14) 10... Bf5 11. Be2 (11. Nf3
11... O-O-O $11) 11... a6 (11... Ne4 12. Bxe7 Nxc3 13. bxc3 Kxe7 14. Nf3 $15)
12. b4 (12. Nf3 g5 13. Bg3 13... O-O-O $11) 12... g5 (12... Ne4 13. Nxe4 Bxh4
14. Nf3 Bxe4 15. Nxh4 $11) 13. Bg3 $11 13... Ne4 14. Nd5 Rc8 15. Rc1 Nf6 16.
Nxe7 Nxe7 17. f3 Bg6 18. e4 Nh5 19. Bf2 f5 (19... Nf4 20. Bf1 20... Nc6 $14)
20. Bd4 (20. exf5 $142 20... Bf7 21. h4 $16) 20... Rf8 21. e5 dxe5 (21... Nc6
22. exd6 Nxd4 23. d7+ Kxd7 24. Rd1 $15) 22. Bxe5 $11 22... Nc6 23. Bc3 Rd8 24.
g3 Rf7 25. Kf2 f4 26. Rd1 Rfd7 27. Nh3 Nd4 28. Rhe1 Kf7 29. Bxd4 Rxd4 30. Rxd4
Rxd4 31. Rd1 Rxd1 32. Bxd1 1/2-1/2

[Event "Bad Woerishofen op"]
[Site "Bad Woerishofen"]
[Date "2001.??.??"]
[Round "6"]
[White "Forster, Manfred"]
[Black "Weber, Ludwig"]
[Result "1-0"]
[WhiteElo "1900"]
[BlackElo "1630"]
[Annotator "ChessOrg"]
[PlyCount "85"]
[EventDate "1998.03.05"]
[Source "ChessBase"]
[SourceDate "1998.04.29"]

1. Nf3 {E10: Blumenfeld-Gambit} 1... Nf6 2. c4 e6 3. d4 c6 4. a3 {
letzter Buchzug} 4... Bd6 (4... d5 5. e3 $11) 5. Nc3 $14 5... Bc7 6. Bg5 d6 7.
e4 h6 8. Bh4 g5 9. Bg3 Nh5 10. Be2 Nxg3 11. fxg3 Nd7 12. O-O Qe7 13. Ne1 Nf8
14. Nd3 (14. Bh5 14... Rh7 $11) 14... Bd7 (14... Bb6 15. Nf2 $15) 15. b4 O-O-O
(15... e5 $5 16. dxe5 16... dxe5 $11) 16. c5 d5 (16... f5 17. Rc1 $11) 17. Qa4
(17. e5 17... Nh7 $16) 17... a6 (17... dxe4 18. Ne5 Be8 19. Qxa7 $14) 18. Ne5 (
18. e5 18... h5 $14) 18... Bxe5 $11 19. dxe5 Ng6 20. Bxa6 Be8 (20... d4 21. Ne2
Nxe5 22. Rad1 $14) 21. Be2 Qc7 (21... d4 22. Qa8+ Kc7 23. Qa5+ Kb8 24. b5 cxb5
25. Nxb5 Bxb5 26. Bxb5 Nxe5 27. c6 $16) 22. b5 Nxe5 23. bxc6 (23. Rad1 $16 $142
) 23... bxc6 $4 (23... Bxc6 $142 24. Bb5 Bxb5 25. Nxb5 Qxc5+ 26. Kh1 26... Kb8
$11) 24. Rab1 Kd7 25. Qa6 (25. exd5 $142 25... Ke7 26. d6+ Rxd6 27. cxd6+ Qxd6
28. Rb7+ Kf8 29. Ne4 $18) 25... d4 (25... Ke7 26. Rb7 Qxb7 27. Qxb7+ 27... Rd7
$18) 26. Rb7 Rc8 (26... Rb8 27. Rxc7+ Kxc7 28. Qa5+ Kc8 29. Ba6+ Kd7 30. Qa4
Nf3+ 31. Rxf3 $18) 27. Rd1 (27. Qa4 $142 27... Kd8 28. Qxd4+ Qd7 29. Rxd7+ Bxd7
30. Qxe5 30... Rf8 $18) 27... Ke7 28. Rxc7+ Rxc7 29. Rxd4 (29. Nb5 $5 29... Rd7
30. Nxd4 30... h5 $18) 29... Bd7 30. Bh5 Rb8 31. Rd1 Rcb7 (31... f6 32. Qe2 $18
) 32. Qa4 Rb3 (32... f6 33. Qd4 Kf8 34. Qd6+ 34... Kg8 $18) 33. Qd4 f6 34. a4 (
34. Qd6+ 34... Kd8 $18) 34... Kd8 (34... Kf8 35. Rf1 Kg7 36. Qd6 $18) 35. a5 (
35. Qd6 $142 35... Kc8 36. Qf8+ Kb7 37. Qxf6 Bc8 38. Qxe5 38... Ra8 $18) 35...
R8b4 36. Qd6 Rxc3 37. Qf8+ (37. Qxe6 $1 $142 37... Rd3 38. Qxf6+ Kc8 39. Qh8+
Kb7 40. a6+ Ka7 41. Qxe5 Rxd1+ 42. Bxd1 42... Kxa6 $18) 37... Kc7 38. Qd6+ (38.
a6 $142 38... Ra3 39. Qd6+ 39... Kc8 $18) 38... Kb7 $4 (38... Kd8 39. Qxe6 Rd3
40. Qxf6+ Kc8 41. Qh8+ Kb7 42. a6+ Ka7 43. Qxe5 Rxd1+ 44. Bxd1 44... Kxa6 $18)
39. a6+ $1 $18 39... Kxa6 (39... Ka8 $18) 40. Be2+ Kb7 41. Ra1 Rb2 (41... Ra3
42. Rxa3 Rb1+ 43. Kf2 Rb2 44. Ke3 Ng4+ 45. Bxg4 Bc8 46. Qe7+ Bd7 47. Qxd7+ Kb8
48. Qa7+ Kc8 49. Bxe6+ Kd8 50. Qd7#) 42. Ba6+ Ka8 (42... Ka7 43. Qc7+ Ka8 44.
Bb7#) 43. Bc8+ (43. Bc8+ Ra2 44. Rxa2+ Ra3 45. Rxa3#) 1-0

[Event "Bad Woerishofen op"]
[Site "Bad Woerishofen"]
[Date "2001.??.??"]
[Round "8"]
[White "Forster, Manfred"]
[Black "Kistella, Irena"]
[Result "0-1"]
[WhiteElo "1900"]
[BlackElo "1670"]
[Annotator "ChessOrg"]
[PlyCount "108"]
[EventDate "1998.03.05"]
[Source "ChessBase"]
[SourceDate "1998.04.29"]

1. Nf3 {D30: Damengambit (ohne Sc3)} 1... Nf6 2. c4 e6 3. d4 d5 4. Bg5 Be7 5.
e3 O-O 6. Be2 {letzter Buchzug} 6... h6 7. Bxf6 Bxf6 8. O-O dxc4 9. Bxc4 b6 10.
Re1 Bb7 11. Na3 c5 12. Rc1 Nc6 13. Nc2 cxd4 14. exd4 Rc8 15. Bf1 Qd6 16. Qd2
Ne7 17. Red1 (17. Qd1 17... Rc7 $15) 17... Nf5 (17... Bxf3 18. gxf3 Nf5 19. Bg2
$19) 18. Ne3 (18. Be2 18... Rfd8 $17) 18... Rxc1 19. Rxc1 (19. Qxc1 Bxf3 20.
Nxf5 exf5 21. gxf3 21... Bxd4 $17) 19... Nxd4 (19... Bxf3 $5 $142 20. gxf3
20... Nxd4 $19 (20... Bxd4 $6 21. Nxf5 exf5 22. b4 $17)) 20. Nxd4 $17 20...
Qxd4 21. Qxd4 Bxd4 22. b3 (22. Rc7 22... Bc8 $17) 22... Bxe3 (22... Rc8 23.
Rxc8+ Bxc8 24. Nc4 $17) 23. Rc7 (23. fxe3 23... a5 $17) 23... Bxf2+ 24. Kxf2
Rb8 25. Ke3 a5 26. g3 Bd5 27. Bd3 Kf8 28. Bb5 Rb7 29. Rc8+ Ke7 30. Kd4 Kf6 31.
h4 Re7 32. Rc2 g6 33. Rf2+ Kg7 34. Rc2 Bb7 (34... f6 35. Rc8 $19) 35. Rc3 (35.
Ke5 $5 $142 35... Bf3 36. Kd6 $17) 35... e5+ 36. Ke3 f5 37. Rc1 (37. Rd3 37...
g5 $19) 37... Kf6 (37... g5 38. Kf2 $19) 38. Rc3 (38. Rd1 38... g5 $19) 38...
Re6 (38... g5 $5 39. hxg5+ hxg5 40. Ke2 $19) 39. Rc7 Be4 (39... Bd5 40. Rc8 $19
) 40. Bc4 Re7 41. Rc8 Rd7 (41... Kg7 42. Rg8+ Kh7 43. Rf8 $19) 42. Rf8+ $17
42... Kg7 43. Re8 Bd5 44. Bb5 Rc7 45. Rxe5 Rc5 46. Bd3 Kf6 47. Kd4 (47. Re8 $5
$17 $142) 47... Bxb3 48. Rxc5 bxc5+ 49. Kxc5 Bxa2 50. Kb5 Ke5 51. Kxa5 Kd4 52.
Bb5 Bf7 53. Kb4 Ke3 54. Kc3 Kf3 (54... Kf3 55. Kd4 55... Kxg3 $19) 0-1

[Event "Bad Woerishofen op"]
[Site "?"]
[Date "2001.??.??"]
[Round "1"]
[White "Friedrich, Wolfgang"]
[Black "Kayser, Wilhelm"]
[Result "1-0"]
[WhiteElo "2095"]
[BlackElo "1469"]
[Annotator "ChessOrg"]
[PlyCount "69"]
[EventDate "2000.??.??"]

1. e4 {B19: Caro-Kann (Hauptvariante)} 1... c6 2. Nf3 d5 3. Nc3 Bg4 4. h3 dxe4
5. Nxe4 Bh5 6. Ng3 Bg6 7. d4 Nd7 8. h4 h6 9. h5 Bh7 10. Bd3 Bxd3 11. Qxd3 e6
12. Qe2 Be7 13. Bd2 Ngf6 14. c4 {letzter Buchzug} 14... O-O 15. O-O-O c5 (15...
b5 16. c5 $15) 16. Bc3 $11 16... Re8 17. Ne5 Qc7 18. Rhe1 Rad8 19. d5 (19. Nxd7
$5 19... Nxd7 20. Kb1 $15) 19... exd5 $17 20. cxd5 Nb6 21. Nf5 (21. Qf3 Nbxd5
22. Nxf7 Nxc3 (22... Kxf7 23. Rxd5 Bd6 24. Rxe8 Bf4+ 25. Kb1 Rxe8 26. Bxf6 Re1+
27. Rd1 Rxd1+ 28. Qxd1 Bxg3 29. Bxg7 $14 (29. fxg3 $143 29... Kxf6 30. Qf3+
30... Ke6 $11)) 23. Nxd8 23... Nxd1 $17) 21... Nbxd5 (21... Nfxd5 $5 22. Bd2
Bd6 23. f4 $19) 22. Qc4 Bf8 23. Ng4 Nxg4 24. Rxe8 Rxe8 25. Rxd5 25... Nf6 $4 (
25... Nxf2 $142 26. Bd2 26... Qc6 $19) 26. Nxh6+ $14 26... Kh7 27. Bxf6 gxf6
28. Ng4 Re1+ 29. Kd2 Re6 30. Ne3 Bh6 31. Qd3+ (31. Rxc5 $5 31... Qh2 32. Qf1
$16) 31... Kg7 $11 32. Rd7 Bxe3+ 33. fxe3 33... Qc6 $4 (33... Qg3 $11 $142) 34.
Qg6+ $18 34... Kf8 (34... Kh8 35. Rxf7 Qd5+ 36. Ke2 Qc4+ 37. Kf2 Qh4+ 38. Kf3
Rxe3+ 39. Kxe3 Qe1+ 40. Kf3 Qd1+ 41. Kg3 Qe1+ 42. Kg4 Qe6+ 43. Kh4 Qe1+ 44. Qg3
Qxg3+ 45. Kxg3 45... b5 $18) 35. Qxf7# 1-0

[Event "Bad Woerishofen op"]
[Site "Bad Woerishofen"]
[Date "2001.??.??"]
[Round "3"]
[White "Friedrich, Wolfgang"]
[Black "Klein, Thomas"]
[Result "0-1"]
[WhiteElo "2095"]
[BlackElo "1496"]
[Annotator "ChessOrg"]
[PlyCount "42"]
[EventDate "1998.03.05"]
[Source "ChessBase"]
[SourceDate "1998.04.29"]

1. e4 {C24: Laeuferspiel} 1... e5 2. Bc4 Nf6 3. Qe2 3... Be7 {letzter Buchzug}
4. d3 Nc6 5. c3 O-O 6. f4 (6. Nf3 6... d6 $11) 6... d6 7. Nf3 Na5 (7... Re8 $5
$11) 8. fxe5 $14 8... dxe5 9. Nxe5 9... Bd6 $2 (9... Nxc4 $142 10. Nxc4 10...
Re8 $16) 10. Nxf7 $18 10... Rxf7 11. Bxf7+ Kxf7 12. e5 (12. Rf1 $142 12... Bxh2
13. Qh5+ Kg8 14. Qxh2 (14. Qxa5 Qxd3 15. Rxf6 Qxe4+ 16. Kf2 Qh4+ 17. Ke2 17...
Qxf6 $19) 14... Qxd3 15. Qxc7 $16) 12... Bg4 $15 13. Qe3 Bxe5 14. O-O (14. Qxe5
$2 14... Qxd3 $19) 14... Qd6 15. g3 Nc6 16. Qg5 $2 (16. Nd2 $5 $142 16... Kg8
17. Nc4 $17) 16... Be2 $19 17. d4 (17. Rf2 h6 18. Qh4 18... Qxd3 $19) 17...
Bxf1 (17... Nxd4 $142 18. Nd2 18... Nc2 $19) 18. dxe5 $4 (18. Kxf1 Nxd4 19.
cxd4 Qa6+ 20. Ke1 Bxd4 21. Nd2 Re8+ 22. Kd1 Qe2+ 23. Kc2 $19) 18... Nxe5 19.
Kxf1 (19. Nd2 Bh3 20. Qh4 Nf3+ 21. Nxf3 Qd1+ 22. Kf2 Qf1+ 23. Ke3 Re8+ 24. Kd4
Qxf3 25. Kc5 $19) 19... Qd1+ 20. Kg2 (20. Kf2 Ne4+ 21. Kg2 Qe2+ 22. Kh3 Nf2+
23. Kh4 Nf3+ 24. Kh5 Nxg5+ 25. Kxg5 Qg4#) 20... Nf3 (20... Qe2+ 21. Kh3 Qf1+
22. Kh4 Nf3#) 21. Qf4 (21. Qb5 Ne1+ 22. Kg1 Nd3+ 23. Kg2 Qe2+ 24. Kh3 Nf2+ 25.
Kg2 Qxb5 26. c4 Qc6+ 27. Kxf2 Ng4+ 28. Ke2 Rd8 29. Bd2 Qg2+ 30. Ke1 Qf2+ 31.
Kd1 Ne3+ 32. Kc1 Qf1+ 33. Be1 Qxe1#) 21... Qe2+ (21... Qe2+ 22. Kh1 Qxh2#) 0-1

[Event "Bad Woerishofen op"]
[Site "Bad Woerishofen"]
[Date "2001.??.??"]
[Round "5"]
[White "Friedrich, Wolfgang"]
[Black "Spieker, Hans-Joachim"]
[Result "1/2-1/2"]
[WhiteElo "2095"]
[BlackElo "1846"]
[Annotator "ChessOrg"]
[PlyCount "50"]
[EventDate "1998.03.05"]
[Source "ChessBase"]
[SourceDate "1998.04.29"]

1. e4 {B21: Sizilianisch (Morra-Gambit 2.f4)} 1... c5 2. d4 cxd4 3. c3 dxc3 4.
Nxc3 Nc6 5. Nf3 e6 6. Bc4 d6 7. Qe2 Nf6 8. O-O 8... Bd7 {letzter Buchzug} 9.
Rd1 Qb8 10. a4 Be7 11. Bf4 Ne5 12. Nb5 (12. Nxe5 dxe5 13. Bg5 13... Bc6 $11)
12... O-O (12... Nxc4 $6 13. Qxc4 Bxb5 14. Qxb5+ (14. axb5 $143 14... O-O $17)
14... Kf8 15. e5 dxe5 16. Bxe5 $11) 13. Nxe5 dxe5 14. Bg5 Bxb5 15. Bxb5 Rd8 16.
a5 Rd4 17. Rxd4 exd4 18. e5 Nd5 19. Bxe7 Nxe7 20. Qe4 Ng6 (20... Qd8 21. a6
bxa6 22. Bxa6 $15) 21. f4 (21. a6 Qxe5 22. Qxe5 Nxe5 23. axb7 $18) 21... Qc7
22. a6 Rb8 23. Qxd4 bxa6 24. Bf1 (24. Bxa6 $5 24... Rd8 25. Qe3 $11) 24... Qb6
25. Rd1 (25. Qxb6 axb6 26. g3 $15 (26. Bxa6 $143 26... Nxf4 27. Bc4 27... Ng6
$17)) 25... Qxd4+ (25... Nxf4 $5 26. Qxb6 axb6 27. Bxa6 $17) 1/2-1/2

[Event "Bad Woerishofen op"]
[Site "Bad Woerishofen"]
[Date "2001.??.??"]
[Round "7"]
[White "Friedrich, Wolfgang"]
[Black "Theussl, Manfred"]
[Result "0-1"]
[WhiteElo "2095"]
[BlackElo "1836"]
[Annotator "ChessOrg"]
[PlyCount "86"]
[EventDate "1998.03.05"]
[Source "ChessBase"]
[SourceDate "1998.04.29"]

1. d4 {D02: Damenbauernspiele} 1... e6 2. Nf3 d5 3. Bf4 Nf6 4. c3 Be7 5. e3 c5
6. Bd3 Nc6 7. Nbd2 7... Qb6 {letzter Buchzug} 8. Rb1 Bd7 9. h3 Nh5 10. Bh2 g6
11. g4 Ng7 12. Ne5 Nxe5 13. Bxe5 f6 14. dxc5 Qxc5 15. Bd4 Qc7 16. e4 e5 17. Be3
Bc6 18. Bh6 Ne6 19. O-O O-O-O 20. Qf3 Nc5 21. Bc2 Rhg8 22. b4 (22. exd5 Rxd5
23. Qe3 23... Rgd8 $15) 22... Nxe4 $15 23. b5 Nxd2 24. Bxd2 Bd7 25. Bb3 (25.
Be3 $5 25... Bc5 26. Bxc5 Qxc5 27. b6 $15) 25... Be6 26. Rfc1 (26. Bh6 $19 $142
) 26... Qd7 (26... h5 $19 $142) 27. c4 $11 27... dxc4 28. Bxc4 Kb8 29. Ba5 b6
30. Rd1 Qc8 31. Bxe6 Rxd1+ 32. Qxd1 Qxe6 33. Bb4 Rd8 34. Qb3 Qxb3 35. Rxb3 (35.
axb3 $4 35... Bxb4 36. Rc1 36... Rd3 $19) 35... Bxb4 36. Rxb4 Rd5 37. Kg2 Kc7
38. a4 (38. Rb3 $5 $17) 38... Rd4 $19 39. Rxd4 exd4 40. Kf3 Kd6 41. Ke4 Kc5 42.
Kd3 Kd5 43. f4 g5 (43... g5 44. f5 44... h6 $19) 0-1